000 01628cmm a2200409 a 4500
003 CHAP
005 20240607112752.0
007 co cg |||aaaaa
008 000726s1997 ne m 10 eng d
010 _a81846
011 _a82818
035 _a93322
040 _cCHAP
041 _aeng
090 _aCD-16
111 0 0 _aInternational Conference on Geo-Information for Sustainable Land Management
_d(1997 :
_cEnschede, Netherlands)
_959613
245 1 0 _aProceedings /
_h[disco compacto]
_cpor International Institute for Aerospace Survey and Earth Sciences
264 1 _aEnschede, Netherlands :
_bInternational Institute for Aerospace Survey and Earth Sciences,
_cc.1998.
300 _a1 disco compacto (CD):
_c4 3/4 pulgadas (12cm.)
_bdigital, color
336 _2rdacontent
_atexto
_btxt
337 _2rdamedia
_aordenador
_bc
338 _2rdacarrier
_adisco computadora
_bcd
516 _aTexto (artículos y resúmenes).
520 _a180 artículos y resúmenes, 9 demostraciones TIC y 12 publicaciones seleccionadas de la FAO.
538 _aMinum system requirements: 486/33 PC con 8 MB, RAM.Windows 3.1 o Windows 95 800x600x256 visualización de colores.
546 _aTexto en inglés.
590 _aBATCH-UPD
_b10
_c20130110
590 _aBATCH-UPD
_b10
_c20130410
590 _aBATCH-UPD
_b10
_c20130914
590 _aCONVERSION
_b10
_c20130109
650 1 4 _aSuelos
_xClasificación.
_9110239
650 1 4 _aSuelos
_xManejo
_xCongresos.
_9110424
650 1 4 _aSuelos
_xMapas.
_9110427
905 _aMarco A. Mendoza T.
942 _cCD
_2local
949 _aCD-16
_bBC
_cCD
_d33724000784658
_eCD
_i93322
_sb
999 _c81846
_d81846